Collins Playlist Quiz - Statistics

General Stats
  • This quiz has been taken 5 times
  • The average score is 19 of 127
Answer Stats
Answer % Correct
Look What You Made Me Do
75%
Blank Space
50%
Colors
50%
Cry Baby
50%
good 4 u
50%
King Of My Heart
50%
MOON CYCLE
50%
NYMPHOLOGY
50%
Strawberry Shortcake
50%
Teacher's Pet
50%
The Principal
50%
Alphabet Boy
25%
BATTLE OF THE LARYNX
25%
Better Than Revenge
25%
Breakfast
25%
Class Fight
25%
Colors pt. II
25%
Copy Cat
25%
Cruel Summer
25%
deja vu
25%
Detention
25%
Dolls
25%
Drama Club
25%
Drive
25%
drivers license
25%
EVIL
25%
FAERIE SOIREE
25%
Field Trip
25%
Fire Drill
25%
Gorgeous
25%
Haunting
25%
High School Sweethearts
25%
Hold Me Down
25%
How You Get The Girl
25%
illicit affairs
25%
LEECHES
25%
LIGHT SHOWER
25%
Lover
25%
Lunchbox Friends
25%
Mad Hatter
25%
Milk and Cookies
25%
MILK OF THE SIREN
25%
Mr. Perfectly Fine
25%
Mrs. Potato Head
25%
no body, no crime
25%
Notebook
25%
Now That We Don't Talk
25%
Numbers
25%
Nurse's Office
25%
Orange Juice
25%
Pacify Her
25%
PLUTO
25%
POWDER
25%
...Ready For It?
25%
Recess
25%
Show & Tell
25%
Sippy Cup
25%
SPIDER WEB
25%
Test Me
25%
THE CONTORTIONIST
25%
Too Close
25%
vampire
25%
WOMB
25%
Wrath
25%
911
0%
Afterglow
0%
all-american bitch
0%
All Too Well
0%
Animal
0%
bad idea right?
0%
ballad of a homeschooled girl
0%
Boyfriend
0%
brutal
0%
Bubblegum Brain
0%
Build a Bitch
0%
Call It What You Want
0%
Castle
0%
Coming Down
0%
Control
0%
Dancing With Our Hands Tied
0%
Death By A Thousand Cuts
0%
Delicate
0%
Don't Blame Me
0%
Dress
0%
Electrical
0%
Enchanted
0%
End Game
0%
favorite crime
0%
Few Things
0%
Gasoline
0%
Getaway Car
0%
get him back!
0%
Ghost
0%
Him & I
0%
hope ur ok
0%
Hurricane
0%
I Did Something Bad
0%
INFERNO
0%
I Think He Knows
0%
It's Nice To Have A Friend
0%
I Walk The Line
0%
jealousy, jealousy
0%
lacy
0%
Living Hell
0%
logical
0%
love is embarrassing
0%
making the bed
0%
Miss Americana & The Heartbreak Prince
0%
New Americana
0%
New Year's Day
0%
No Man's Land
0%
Paper Rings
0%
Picture To Burn
0%
pretty isn't pretty
0%
So It Goes
0%
Strange Love
0%
Style
0%
teenage dream
0%
the grudge
0%
The Man
0%
This Is Why We Can't Have Nice Things
0%
traitor
0%
Untie You
0%
Vigilante Shit
0%
Villain
0%
Walls Could Talk
0%
Young God
0%
No matching quizzes found
Score Distribution
Percent of People with Each Score
Percentile by Number Answered
Your Score History
You have not taken this quiz